000 00237nam a22000977a 4500
008 240220b |||||||| |||| 00| 0 eng d
082 _aDG
_bKATO1
100 1 0 _aKate, Lauren
_eautor
_943465
245 _aOscuros /
_cLauren Kate
942 _2ddc
999 _c30660
_d17044